Normal view MARC view
  • MS-CSE-9

Entry Topical Term

Number of records used in: 1

001 - CONTROL NUMBER

  • control field: 108182

003 - CONTROL NUMBER IDENTIFIER

  • control field: NUST

005 - DATE AND TIME OF LATEST TRANSACTION

  • control field: 20230131105912.0

008 - FIXED-LENGTH DATA ELEMENTS

  • fixed length control field: 230131|| aca||aabn | a|a d

040 ## - CATALOGING SOURCE

  • Original cataloging agency: NUST
  • Transcribing agency: NUST

150 ## - HEADING--TOPICAL TERM

  • Topical term or geographic name entry element: MS-CSE-9

670 ## - SOURCE DATA FOUND

  • Source citation: Work cat.: (NUST): MUHAMMAD KAMRAN 98340, TH-SOF-0874-AN EFFICIENT APPROACH TO IDENTIFY KEY CLASSES OF SOFTWARE TO ASSIST INITIAL PROGRAM COMPREHENSION, 2013.
© 2023 Central Library, National University of Sciences and Technology. All Rights Reserved.